000
00263nam a22001217a 4500
008
180424b xxu||||| |||| 00| 0 eng d
041
_a
eng
080
_a
7
100
_a
44
101
_a
ART
245
_a
Draping the complete course
_c
Kiisel,K
942
_2
udc
_c
BK
999
_c
45480
_d
45480